00969cam a2200265 a 450000100100000000500170001000800410002704000250006808200190009324500770011226000320018930000280022165000300024965000320027970000410031170000280035270000330038070000330041370000240044670000380047070000270050870000310053595201220056699900150068800000490320200929151529.0830916s1971 ve 001 p spa  aDO-SdBNPbspacBNPHU aV861.44bP745r00aPoesía en la resistencia /cFrancisco Salazar Martínez ... [et al.]. aCaracas :bCentauro,c1971. a105 p. :bil. ;c16 cm. 4aPoesía venezolana94230 4aLiteratura venezolana938161 aSalazar Martínez, Francisco9141741 aGómez, Alarico9141751 aVicente Abreu, José9141761 aAcosta Bello, Arnaldo9141771 aLiscano, Juan990181 aSucre Figarella, Guillermo9141781 aRavell, Alberto9141791 aVelásquez, Lucila914180 001052708MOaGRbGRcCTd2009-07-27iLF1l0oV861.44 P745rp4903-10r2020-06-25w2020-06-25y2ZPréstamo interno c4709d4709